Tomato diseases: a practical guide for seedsmen, growers and agricultural advisors

Gardado en:
Detalles Bibliográficos
Main Authors: Gabor, Brad K (Author), Wiebe, Wayne (Author)
Formato: Libro
Idioma:inglés
Publicado: Saticoy Seminis Vegetable Seeds 1997
Subjects:
Tags: Engadir etiqueta
Sen Etiquetas, Sexa o primeiro en etiquetar este rexistro!

MARC

LEADER 00000nam a2200000 a 4500
001 UCQ3043
003 CL-VaPUC
008 980817e19970000US |||||||||||||||||eng|d
082 0 4 |a 635.6429  |b GAB  |2 21 
100 |a Gabor, Brad K  |e author  |9 417087 
700 0 |a Wiebe, Wayne  |e author  |9 417091 
245 1 0 |a Tomato diseases: a practical guide for seedsmen, growers and agricultural advisors 
300 |a 62 p 
942 |c BK 
945 |d 19980817 00:00:00  |a mvenant 
260 |a Saticoy  |b Seminis Vegetable Seeds  |c 1997 
650 7 |a TOMATE  |2 CL-VaPUC  |9 264158 
650 7 |a ENFERMEDADES Y PLAGAS  |2 CL-VaPUC  |9 417092 
650 0 |a Enfermedades de las plantas  |9 259687 
650 0 |a Control de plagas  |9 327373 
650 0 |a Parásitos   |9 346252 
650 0 |a Bacterias  |9 298237 
650 0 |a Virus  |9 316452 
650 7 |a LYCOPERSICON ESCULENTUM  |2 CL-VaPUC  |9 264426 
583 |a last modification  |c 19980817 00:00:00  |k Rodrigo Vera 
999 |c 273703  |d 273701 
952 |0 0  |1 0  |4 0  |6 635_642900000000000_GAB_1997  |7 0  |8 A  |9 309527  |a BIBAGR  |b BIBAGR  |d 2019-11-20  |i 3449165  |o 635.6429 GAB 1997  |p 3449165  |r 2025-01-20  |w 2019-11-20  |y BK  |k AGR 
952 |0 0  |1 0  |4 0  |6 635_642900000000000_GAB_1997  |7 0  |8 A  |9 309528  |a BIBAGR  |b BIBAGR  |d 2019-11-20  |i 3449173  |l 1  |o 635.6429 GAB 1997  |p 3449173  |r 2025-01-20  |s 2023-09-14  |w 2019-11-20  |y BK  |k AGR